UBT Library

The road to equality : (Record no. 42490)

000 -LEADER
fixed length control field 00923pam a2200277 a 4500
001 - CONTROL NUMBER
control field 2052524
005 - DATE AND TIME OF LATEST TRANSACTION
control field 20180214055305.0
008 - FIXED-LENGTH DATA ELEMENTS--GENERAL INFORMATION
fixed length control field 931005s1994 nyua j b 001 0 eng
010 ## - LIBRARY OF CONGRESS CONTROL NUMBER
LC control number 93039769
020 ## - INTERNATIONAL STANDARD BOOK NUMBER
International Standard Book Number 0195083253 (acidfree paper)
020 ## - INTERNATIONAL STANDARD BOOK NUMBER
International Standard Book Number 0195088301 (ser. : acidfree paper)
040 ## - CATALOGING SOURCE
Original cataloging agency DLC
Transcribing agency DLC
Modifying agency DLC
041 ## - LANGUAGE CODE
Language code of text/sound track or separate title eng
042 ## - AUTHENTICATION CODE
Authentication code lcac
043 ## - GEOGRAPHIC AREA CODE
Geographic area code n-us---
080 ## - UNIVERSAL DECIMAL CLASSIFICATION NUMBER
Universal Decimal Classification number 305.420973 WIL
082 00 - DEWEY DECIMAL CLASSIFICATION NUMBER
Classification number 305.420973 WIL
Edition number 20
100 1# - Rafti
Rafti 16
101 ## - Shkurtesa
Shkurtesa HIS
245 14 - TITLE STATEMENT
Title The road to equality :
Statement of responsibility, etc William H. Chafe.
246 30 - VARYING FORM OF TITLE
Title proper/short title American women since 1962
504 ## - BIBLIOGRAPHY, ETC. NOTE
Bibliography, etc Includes bibliographical references (p. 137-139) and index.
906 ## - LOCAL DATA ELEMENT F, LDF (RLIN)
a 7
b cbc
c orignew
d 1
e ocip
f 19
g y-gencatlg
942 ## - ADDED ENTRY ELEMENTS (KOHA)
Source of classification or shelving scheme
Item type Books
Holdings
Withdrawn status Lost status Source of classification or shelving scheme Damaged status Not for loan Collection code Permanent location Current location Shelving location Date acquired Total Checkouts Full call number Barcode Date last seen Price effective from Koha item type
          Koleksioni i përgjithshem UBT - Lipjan UBT - Lipjan Koleksioni i përgjithshem 02/14/2018   305.420973 WIL 002-2998151 02/14/2018 02/14/2018 Books
UBT Library © 2015-2024. All rights reserved University Education for Business and Technology